000 01409nam a2200349Ia 4500
001 ebr10662933
003 CaPaEBR
006 m u
007 cr cn|||||||||
008 091201s2010 nyua sb 001 0 eng d
010 _z 2009050561
020 _z9781612098036
020 _z9781608769551 (softcover)
020 _z1608769550 (softcover)
040 _aCaPaEBR
_cCaPaEBR
035 _a(OCoLC)698110359
050 1 4 _aQP383.15
_b.S33 2010eb
082 0 4 _a612.8/11
_222
100 1 _aSchaefer, Michael,
_d1952-
245 1 0 _aBody in mind
_h[electronic resource] :
_ba new look at the somatosensory cortices /
_cMichael Schaefer.
260 _aNew York :
_bNova Science Publishers,
_cc2010.
300 _ax, 85 p. :
_bill. (some col.).
490 1 _aNeurology--laboratory and clinical research development series
504 _aIncludes bibliographical references and index.
533 _aElectronic reproduction.
_bPalo Alto, Calif. :
_cebrary,
_d2013.
_nAvailable via World Wide Web.
_nAccess may be limited to ebrary affiliated libraries.
650 0 _aSensorimotor cortex.
650 0 _aSomesthesia.
655 7 _aElectronic books.
_2local
710 2 _aebrary, Inc.
830 0 _aNeurology--laboratory and clinical research development series.
856 4 0 _uhttp://site.ebrary.com/lib/rucke/Doc?id=10662933
_zAn electronic book accessible through the World Wide Web; click to view
999 _c68860
_d68860